| 000 | 00430nam a22001577a 4500 | ||
|---|---|---|---|
| 020 | _a9780190698621 | ||
| 040 | _cNUST | ||
| 082 | _a537 SAD | ||
| 100 | _aSadiku, Matthew N.O.: | ||
| 110 |
_aNelatury, Sudarshan R. _9100006 |
||
| 245 | _aElements of Electromagnetics | ||
| 250 | _a7th Edition | ||
| 260 |
_aUnited States of America: _bOxford University Press, _c2021. |
||
| 650 |
_aElectromagnetics _9103233 |
||
| 942 |
_2ddc _cBK |
||
| 999 |
_c592599 _d592599 |
||